Hacking linux exposed

Saved in:
Bibliographic Details
Main Author: Hatch, Brian
Other Authors: Lee, James 1962-, Kurtz, George
Format: Book
Language:English
Published: New York : McGraw-Hill, 2003
Edition:2nd ed.
Subjects:
Tags: Add Tag
No Tags, Be the first to tag this record!

MARC

LEADER 00000nam a2200000 i 4500
001 1/73467
008 050315s2003 eng d
020 |a 0-07-222564-5 
035 |l 10077102 
040 |a GR-MY-UA  |b gre  |e aacr 
041 0 |a eng 
082 0 |a 005.8  |2 (21) 
100 1 |a Hatch, Brian. 
245 1 0 |a Hacking linux exposed /  |c Brian Hatch, James Lee, George Kurtz 
250 |a 2nd ed. 
260 |a New York :   |b McGraw-Hill,   |c 2003 
300 |a xxxviii, 712 σ.;  |b εικ.;  |c 24 εκ. 
504 |a Περιέχει ευρετήριο 
630 0 0 |a Linux. 
650 0 0 |a Computer security. 
700 1 |a Lee, James  |d 1962- 
700 1 |a Kurtz, George. 
852 |a INST  |b LESVOS  |e 20050315  |h 005.8 HAT  |p 005100030070  |q 005100030070  |t BK  |y 0 
901 |a BIBL1-2005-1 
909 |a Λ  |b 116294 
920 |a ΔΙΕΥΡΥΝΣΗ  |b ΕΠΕΑΕΚ-ΠΤΕ  |y ΛΕΣΒΟΣ  |z 2004-10 
970 |a ΜΑΡΙΝΑΤΟΥ  |b ΜΥΡΣΙΝΗ  |z 2005/03/15